Hamlet Quotes - Statistics

General Stats
  • This quiz has been taken 948 times
    913 since last reset
  • The average score is 14 of 30
Answer Stats
Act/Scene Line % Correct
Act 3, Sc. 1 {To be or not to be}, that is the question
92%
Act 1, Sc. 4 Something is {rotten} in the state of Denmark
88%
Act 3, Sc. 1 (To Ophelia) Get thee to a {nunnery}!
84%
Act 3, Sc. 1 To die, to sleep, perchance to {dream}
76%
Act 3, Sc. 2 The lady doth {protest} too much, methinks
72%
Act 5, Sc. 1 Alas, poor {Yorick}! I knew him, Horatio.
69%
Act 1, Sc. 3 Neither a {borrower} nor a lender be
66%
Act 3, Sc. 1 Ay, there's the {rub}
63%
Act 2, Sc. 2 {Brevity} is the soul of wit
62%
Act 2, Sc. 2 Though this be madness, yet there is {method} in it
60%
Act 2, Sc. 2 There is neither good or bad, but {thinking} makes it so
58%
Act 1, Sc. 2 A little more than kin, a little less than {kind}
57%
Act 1, Sc. 3 To {thine} {own} {self} be true
56%
Act 3, Sc. 1 The slings and arrows of {outrageous} {fortune}
51%
Act 2, Sc. 2 The {play's} the thing, wherein I'll catch the conscience of the {king}!
50%
Act 3, Sc. 1 God hath given you one {face}, but you make yourself another
39%
Act 3, Sc. 1 {Conscience} doth make cowards of us all
37%
Act 3, Sc. 1 {Madness} in great ones must not unwatched go
36%
Act 1, Sc. 5 Adieu... adieu, {remember} me...
33%
Act 1, Sc. 5 One may smile, and smile, and yet be a {villain}
32%
Act 2, Sc. 2 The devil hath power to assume a pleasing {shape}
30%
Act 1, Sc. 2 Oh that the Almighty had not fixed his canon against {self-slaughter}!
29%
Act 3, Sc. 4 I must be {cruel} only to be {kind}
27%
Act 2, Sc. 2 What a {piece} {of} {work} is man!
27%
Act 2, Sc. 2 Doubt {truth} to be a liar, but never doubt I {love}
20%
Act 1, Sc. 3 Give every man thy {ear}, but few thy {voice}
20%
Act 4, Sc. 3 A certain convocation of politic {worms} are e'en at him
17%
Act 4, Sc. 7 Too much {water} hast thou had, Ophelia, therefore I forbid my {tears}
13%
Act IV, Sc. 5 When {sorrows} come, they come not single spies
12%
Act 5, Sc. 2 There's a {divinity} that shapes our ends...
11%
No matching quizzes found
Score Distribution
Percent of People with Each Score
Percentile by Number Answered
Your Score History
You have not taken this quiz since the last reset